[Event "Civil Service op"]
[Site "London"]
[Date "2005.11.06"]
[Round "4"]
[White "Derbyshire, Colin"]
[Black "Brusey, Alan W"]
[Result "0-1"]
[WhiteElo "1688"]
[BlackElo "1976"]
[PlyCount "36"]
[EventDate "2005.11.05"]
[EventType "swiss"]
[EventRounds "5"]
[EventCountry "ENG"]
[SourceTitle "EXT 2007"]
[Source "ChessBase"]
[SourceDate "2006.11.23"]
[SourceVersion "1"]
[SourceVersionDate "2006.11.23"]
[SourceQuality "1"]

1. e4 e6 2. d4 d5 3. Nc3 Bb4 4. e5 c5 5. a3 Bxc3+ 6. bxc3 Ne7 7. Bd3 Nbc6 8. Qg4 0-0 9. Nf3 f5 10. Qg3 Qb6 11. h4 cxd4 12. h5 Kh8 13. h6 g6 14. c4 dxc4 15. Bxc4 Qc5 16. Nd2 f4 17. Qh3 Qxe5+ 18. Kd1 d3 0-1

[Event "Civil Service op"]
[Site "London"]
[Date "2005.11.05"]
[Round "1"]
[White "Derbyshire, Colin"]
[Black "Cullen, Anthony P"]
[Result "0-1"]
[WhiteElo "1688"]
[BlackElo "1960"]
[PlyCount "82"]
[EventDate "2005.11.05"]
[EventType "swiss"]
[EventRounds "5"]
[EventCountry "ENG"]
[SourceTitle "EXT 2007"]
[Source "ChessBase"]
[SourceDate "2006.11.23"]
[SourceVersion "1"]
[SourceVersionDate "2006.11.23"]
[SourceQuality "1"]

1. e4 e6 2. d4 d5 3. Nc3 Bb4 4. e5 c5 5. a3 Bxc3+ 6. bxc3 Qc7 7. Bd3 cxd4 8. cxd4 Qc3+ 9. Bd2 Qxd4 10. Nf3 Qg4 11. 0-0 Nc6 12. Rb1 f6 13. Be2 Qg6 14. Nd4 Qe4 15. Nxc6 bxc6 16. Re1 Qa4 17. Rb4 Qxa3 18. Qb1 Qa5 19. Rd1 Qc7 20. Qb3 fxe5 21. Rb1 Nf6 22. Qg3 c5 23. Bb5+ Kf7 24. R4b2 Rf8 25. Qa3 Ne4 26. Ba5 Qd6 27. Qa4 Bb7 28. Bd7 Ba6 29. Bc7 Qxc7 30. Qxa6 Qd6 31. Qb7 Kg8 32. c4 Rad8 33. Bc6 Rf7 34. Qa6 dxc4 35. h3 c3 36. Re2 Nd2 37. Rc1 Nb3 38. Rxc3 Nd4 39. Bb5 Qxa6 40. Bxa6 Nxe2+ 41. Bxe2 Rc8 0-1